Paroles - Nekfeu - Chanson d'amour - Statistiques

Statistiques générales
  • Ce quiz a été pris 347 fois
    338 depuis la dernière actualisation
  • Le résultat moyen est 215 sur 316
Statistiques - réponses
Paroles % Correct
chanson
98%
d'amour
98%
J'ai
98%
j'ai
98%
le
98%
les
98%
Les
98%
ma
98%
toi
98%
ce
97%
chansons
97%
est
97%
pas
97%
pas,
97%
elle
96%
Mais
96%
mais
96%
pour
96%
J'aime
95%
tu
95%
Tu
95%
en
93%
En
93%
Je
93%
je
93%
que
92%
a
91%
à
91%
celle-là
90%
envie
90%
envie,
90%
qu'on
90%
sois
88%
Tellement
88%
tellement
88%
de
87%
Et
87%
et
87%
moche
87%
gens
84%
jaloux,
83%
la
83%
là,
83%
s'amoche
82%
se
81%
écoute
80%
j'préfère
80%
trop
80%
conseils
78%
n'ai
78%
peur
78%
plus
78%
vite
78%
d'aller
77%
on
76%
On
76%
si
76%
aime
74%
d'homme
73%
d'homme,
73%
m'donnent
73%
genre
72%
jamais
72%
J'préfèrerais
72%
j'préfèrerais
72%
été
70%
près
70%
Don
68%
chantonne
65%
fou
63%
T'es
62%
tête
62%
un
62%
Un
62%
bien
61%
Y
61%
y
61%
belle
60%
comme
59%
s'en
59%
des
58%
Mon
58%
mon
58%
presque
57%
ces
56%
depuis
56%
Dans
55%
dans
55%
l'air
55%
m'taquineras
55%
sur
54%
sais
53%
donc
51%
d'toi
51%
J'les
51%
qui
51%
voit,
51%
ou
50%
miens
49%
mots
49%
première
49%
quand
49%
goûts
48%
mêmes
48%
musicaux
48%
s'envoie
48%
c'est
47%
termine
47%
d'eux
45%
mains
45%
nos
45%
qu'j'suis
45%
coeur
44%
ennemi,
42%
Frère
42%
calme
40%
d'entre-deux
40%
l'envers,
40%
va,
40%
foot
39%
grand-père,
39%
Survêt'
39%
auprès
38%
b'soin
38%
piste
38%
quatre
38%
tous
38%
amour
37%
cyclable
37%
d'entraide
37%
d'entraînement
37%
là-haut
37%
m'avoir
37%
moquant
37%
village
37%
rappeurs
36%
aimeraient
35%
Cyclades
35%
L'enfer
35%
récitera
35%
seras
35%
t'emmènerai
35%
traitres,
35%
bicyclette
34%
dada
34%
J'fais
33%
soleil
33%
trader
33%
Captain
32%
clashe
32%
d'main
32%
faire
32%
t'avoir
32%
d'moi
31%
éclats
31%
Fantastique
31%
moins
31%
morts,
31%
rentrer
31%
d'action
30%
J'veux
30%
traîne
30%
j'vais
28%
manque,
28%
devoir
27%
dodo
27%
Camden
25%
parle
25%
recyclables
25%
d'l'oseille
24%
histoires
23%
crois-moi
22%
passé
22%
n'en
20%
Compton
19%
Superstitieux
19%
belles
18%
blessures
18%
qu'au
18%
ssiques-cla
18%
compenser
16%
textes,
16%
j'avais
14%
Aucun quiz correspondant
Distribution des résultats
% des personnes avec chaque résultat
Percentile par nombre de réponses
Votre historique - résultats
Vous n’avez pas pris ce quiz depuis la dernière actualisation